Bài tập và bài giải nguyên lý kế toán và kế toán tài chính : Kèm sơ đồ kế toán và hệ thống báo cáo tài chính đã được sửa đổi, bổ sung theo Thông tu 105/2003/TT-BTC

Sách hệ thống bài tập nguyên lý kế toán, kế toán tài chính và các sơ đồ kế toán để ôn tập kèm theo một số bài giải.

Uloženo v:
Podrobná bibliografie
Hlavní autor: Võ, Văn Nhị
Médium: Kniha
Jazyk:Undetermined
Vydáno: Hà Nội Thống Kê 2004
Témata:
Tagy: Přidat tag
Žádné tagy, Buďte první, kdo otaguje tento záznam!
Thư viện lưu trữ: Trung tâm Học liệu Trường Đại học Cần Thơ
LEADER 01027nam a2200229Ia 4500
001 CTU_81184
008 210402s9999 xx 000 0 und d
020 |c 32000 
082 |a 657.076 
082 |b Nh300 
100 |a Võ, Văn Nhị 
245 0 |a Bài tập và bài giải nguyên lý kế toán và kế toán tài chính : 
245 0 |b Kèm sơ đồ kế toán và hệ thống báo cáo tài chính đã được sửa đổi, bổ sung theo Thông tu 105/2003/TT-BTC 
245 0 |c Võ Văn Nhị 
260 |a Hà Nội 
260 |b Thống Kê 
260 |c 2004 
520 |a Sách hệ thống bài tập nguyên lý kế toán, kế toán tài chính và các sơ đồ kế toán để ôn tập kèm theo một số bài giải. 
650 |a Accounting,Finance,Kế toán,Tài chính 
650 |x Management,Quản trị 
904 |i Tuyến 
980 |a Trung tâm Học liệu Trường Đại học Cần Thơ